00915nam a22002657a 45000010005000000030006000050050017000110080041000280200018000690400029000870500014001160820010001301000029001402450097001692500027002662600035002933000045003285050007003735200129003805210019005095210018005286500035005466500038005817000030006194910FISKH20250818095520.0241024b cb ||||| |||| 00| 0 eng d a9780545451895 aFISKHbengcFISKHdFISKH aQL737.M33 a599.2 aPallotta, Jerryd(1953-) aWho would win? wolverine vs. tasmanian devil /cBy Jerry Pallotta Illustrated by Rob Bolster aFirst printing in 2013 aNew York :bScholastic,c2013. a31 pages :bColor illustrations ;c23 cm aS  aContains facts about Tasmanian devils and wolverines, comparing such aspects as their sizes, brain structure, and abilities.8 a710L bLexile 8 aS bRaz-Plus  2Tasmanian devilaInformational 2Non-fictionaCompare and contrast aBolster, RobdIllustrator